[Event "POL-chT 47th"]
[Site "Mikolajki"]
[Date "1991.09.??"]
[Round "2"]
[White "Lada, Marek"]
[Black "Piwowarczyk, Piotr"]
[Result "0-1"]
[WhiteElo "2310"]
[BlackElo "2230"]
[PlyCount "78"]
[EventDate "1991.09.20"]
[EventType "team-swiss"]
[EventRounds "9"]
[EventCountry "POL"]
[SourceTitle "EXT 2019"]
[Source "ChessBase"]
[SourceDate "2018.10.10"]
[SourceVersion "1"]
[SourceVersionDate "2018.10.10"]
[SourceQuality "1"]
[WhiteTeam "Warszawa AZS UW"]
[BlackTeam "Lublin Sygnal"]
[WhiteTeamCountry "POL"]
[BlackTeamCountry "POL"]

1. d4 Nf6 2. Nf3 d6 3. Bg5 Nbd7 4. Nbd2 c6 5. e4 Qc7 6. Bd3 e5 7. c3 Be7 8. 0-0 h6 9. Bh4 g5 10. Bg3 Nh5 11. dxe5 dxe5 12. Nc4 Nxg3 13. fxg3 b5 14. Ne3 Bc5 15. Qe2 Qb6 16. Rae1 f6 17. Kh1 Bxe3 18. Qxe3 Qxe3 19. Rxe3 Ke7 20. Ree1 Rd8 21. Bc2 Nb6 22. b3 Be6 23. Rd1 a5 24. Kg1 Rxd1 25. Rxd1 a4 26. Nd2 axb3 27. Bxb3 Na4 28. Rc1 Rd8 29. Nb1 Bxb3 30. axb3 Nc5 31. Re1 Nxe4 32. c4 Rd4 33. cxb5 cxb5 34. Na3 Nc3 35. Re3 Nd5 36. Re2 b4 37. Nc4 Nc3 38. Re1 Rxc4 39. bxc4 b3 0-1

[Event "POL-chT 47th"]
[Site "Mikolajki"]
[Date "1991.09.??"]
[Round "5"]
[White "Piwowarczyk, Piotr"]
[Black "Ferenc, Jozef"]
[Result "1/2-1/2"]
[WhiteElo "2230"]
[BlackElo "2295"]
[PlyCount "67"]
[EventDate "1991.09.20"]
[EventType "team-swiss"]
[EventRounds "9"]
[EventCountry "POL"]
[SourceTitle "EXT 2019"]
[Source "ChessBase"]
[SourceDate "2018.10.10"]
[SourceVersion "1"]
[SourceVersionDate "2018.10.10"]
[SourceQuality "1"]
[WhiteTeam "Lublin Sygnal"]
[BlackTeam "Koszalin Budowlani"]
[WhiteTeamCountry "POL"]
[BlackTeamCountry "POL"]

1. e4 d6 2. d4 Nf6 3. Bd3 g6 4. h3 Bg7 5. Nf3 0-0 6. 0-0 Nc6 7. c4 e5 8. d5 Nb4 9. Nc3 Nxd3 10. Qxd3 Nh5 11. Nh2 f5 12. Ne2 fxe4 13. Qxe4 b6 14. a4 a5 15. Ra3 Bd7 16. g4 Nf4 17. Nxf4 exf4 18. Rf3 Bxa4 19. b3 Bd7 20. Bxf4 a4 21. bxa4 Rxa4 22. Qe2 b5 23. Rc1 Rxf4 24. Rxf4 Bh6 25. Qe3 Rxc4 26. Rcxc4 bxc4 27. Nf3 Bxf4 28. Qxf4 Qf8 29. Qe4 Qf6 30. Kg2 Bb5 31. Nd4 Bd7 32. Nf3 Bb5 33. Nd4 Bd7 34. Nf3 1/2-1/2